000 00247nam a22001097a 4500
999 _c260958
_d260957
020 _a9780439857970
100 _aMegan McDonald
245 _aJudy Moody Declares Independence
260 _aNew York
_bScholastic
300 _a144 pgs
942 _cBK